Поражението на запада (Запис номер 516369)
[ съкратено ]
| 000 -Лидер | |
|---|---|
| Лидер | 01343nam a2200325 a 4500 |
| 003 - Код на организацията, давaща контролен номер | |
| Код на организацията, даваща контролен номер | BLK |
| 005 - Дата и час на последна редакция | |
| Дата и час на последна редакция | 20250602173226.0 |
| 007 - Фиксирано поле за физическо описани | |
| Физическо описание | ta |
| 008 - Елементи от данни с фиксирана дължина | |
| Елементи с фиксирана дължина | 221104b bu |||||r|||| 00| | bu d |
| 020 ## - Международен стандартен номер на книга ISBN | |
| ISBN | 9786190114628 |
| 040 ## - Източник на каталожния запис | |
| Код на библиотеката | BLK |
| 041 ## - Код за език | |
| Език | Български |
| Език за КДБФ | Български |
| 080 ## - УДК | |
| 9 (RLIN) | 234387 |
| УДК текст | Международни политически отношения. Световна политика. Международна политика. Дипломация |
| УДК код | 327 |
| УДК – код + определител | 327 |
| 084 ## - Класификационен индекс по друга класификация | |
| Авторски знак | Тод - Т 63 |
| 100 ## - Редна дума - Автор | |
| R(LIN) | 308630 |
| Автор | Тод, Еманюел |
| 245 ## - Сведения за заглавието | |
| Заглавие | Поражението на запада |
| Авторска отговорност | Еманюел Тод ; прев. от фр. Стоян Атанасов |
| 260 ## - Област на издателските данни | |
| 9 (RLIN) | 468803 |
| Място на издаване | София |
| Име на издателя | Катехон |
| Година на издаване | 2024 |
| 300 ## - Физическа характеристика | |
| Брой страници | 224 с. |
| Размер | 24 см |
| 380 ## - Жанр | |
| Жанр | Обществени науки |
| 500 ## - Общи забележки | |
| Обща забележка | Катехон е импринт на изд. Изток - Запад. |
| 650 #0 - Допълнително описание по предмет – тема | |
| 9 (RLIN) | 281535 |
| Предметна рубрика | Икономически кризи |
| 650 #0 - Допълнително описание по предмет – тема | |
| 9 (RLIN) | 245107 |
| Предметна рубрика | Икономическо развитие - Западноевропейски страни и САЩ |
| 653 ## - Ключова дума – ненормативна | |
| 9 (RLIN) | 194076 |
| Ключови думи | политически кризи |
| 700 1# - Други автори (авторска отговорност) | |
| 9 (RLIN) | 34409 |
| Друг автор | Атанасов, Стоян Илиев |
| 852 ## - Местоположение | |
| Отдел | Заемна - подръчен фонд |
| Систематично-азбучна сигнатура | 327/Т 63 Е |
| 852 ## - Местоположение | |
| Сигнатура (форматна) | Цб 325914 |
| Отдел | Хранилище |
| 856 ## - Електронен адрес и достъп | |
| Инструкция (цена за достъп) | 0.00 |
| Права за достъп | disable |
| 942 ## - АРТИКУЛИ | |
| Вид на библиотечния документ | Книги |
| Скрит в OPAC | Не |
| Koha issues (borrowed), all copies | 6 |
| 944 ## - СЪЗДАВАНЕ И РЕДАКЦИЯ на ЗАПИСА | |
| Дата на регистрацията/редакция | Моника Янева |
| Служител, извършил регистрацията/редакцията | 30575 |
| Номер на служител | Мартин Енчев |
| 999 ## - СИСТЕМНИ КОНТРОЛНИ НОМЕРА | |
| Koha biblionumber | 516369 |
| Koha biblioitemnumber | 516369 |
| Код за отписване | Код за изгубен артикул | Източник на класификационната схема | Код за повреда | Код за отдаване | Артикулен № | Име на библиотеката - собственик | Име на библиотеката, в която се намира в момента | Статус (Текущо местоположение) | Дата на вписване в системата | Местоположение - отдел | Цена в лева | Инвентарен номер | Систематично азбучна сигнатура | Баркод | Цена в евро | Служебен тип на артикула | Коз за рестрикции |
|---|---|---|---|---|---|---|---|---|---|---|---|---|---|---|---|---|---|
| Не е изгубен | Universal Decimal Classification | Не е повреден | заемане за дома | 948028 | Регионална библиотека "Любен Каравелов" Русе | Регионална библиотека "Любен Каравелов" Русе | Заемна - подръчен фонд | 2024-09-04 | Заемна - подръчен фонд | 18.68 | 120000911509 | 327/Т 63 Е | 120000911509 | 9.55 | Книги | ||
| Не е изгубен | Universal Decimal Classification | Не е повреден | ползва се в читалня | 957347 | Регионална библиотека "Любен Каравелов" Русе | Регионална библиотека "Любен Каравелов" Русе | Хранилище | 2025-01-03 | Хранилище | 24.90 | 120000916158 | Цб 325914 | 120000916158 | 12.73 | Книги | само за читалня |